| 000 | 00347nam a2200121Ia 4500 | ||
|---|---|---|---|
| 008 | 250604s9999 xx 000 0 und d | ||
| 082 | _a896.9 SPR | ||
| 245 | 0 |
_aSpring Moon: _bselections from the Contemporary Creative Writings of Nigeria |
|
| 260 |
_aLahore: _bAfro-Asian Book Club, _c1966 |
||
| 300 | _a202p. | ||
| 600 | _aLiterature | ||
| 942 | _cGB | ||
| 999 |
_c31397 _d31397 |
||